000 01057nas a2200289 4500
001 BR8803373
003 BR-BrBNA
005 20231205091152.0
007 ta
008 230509b bl.|||p| |||| 00| 00por d
040 _aBR-BrBNA
_bpor
_cBiblioteca Nacional de Agricultura
041 _a(Pt)
072 _aL70
100 1 _aPena, N.D.
100 1 _aRibeiro Filho, C.H.A.
100 1 _aAccioly, A.L.
100 1 _aNascimento, M.D. do
100 1 _aPereira, N.R.
245 1 _aAvaliacao dos efeitos da acepromazina e do halotano sobre a coagulacao sanguinea de caes (Canis familiaris)anestesiados e ventilados artificialmente
246 1 _aEffects of the acepromazine and halotane in the blood coagulation of the dogs (Canis familiaris)anesthetized and aritificialy ventilated
650 _aCAO
650 _aCOAGULACAO
650 _aSANGUE
773 0 _tArquivos Fluminenses de Medicina Veterinaria (Brazil)
_xISSN 0102-7794
_g(Jul-Dec 1986), v. 1(2) p. 35-37
_wBR8803373
909 _a202311
_bLúcia
_c55
_dLúcia Elande
942 _2AGRIS
_n0
_cANA
999 _c123289
_d123289